Syntactic typology : (Record no. 10897)

MARC details
000 -LEADER
fixed length control field 00617cam a2200205ua 4500
005 - DATE AND TIME OF LATEST TRANSACTION
control field 20201212123134.0
008 - FIXED-LENGTH DATA ELEMENTS--GENERAL INFORMATION
fixed length control field 200222n ii |||gr||||Z||||||eng
020 ## - INTERNATIONAL STANDARD BOOK NUMBER
International Standard Book Number 9789386302007
040 ## - CATALOGING SOURCE
Transcribing agency MAIN
Original cataloging agency IN-DiNC
041 ## - LANGUAGE CODE
Language code of sung or spoken text English
082 ## - DEWEY DECIMAL CLASSIFICATION NUMBER
Classification number 410.1
Item number SYN
245 ## - TITLE STATEMENT
Title Syntactic typology :
Remainder of title language contact and convergence /
Statement of responsibility, etc. edited by Shailendra Kumar Singh and Saralin A Lyngdoh .
250 ## - EDITION STATEMENT
Edition statement 1st ed.
260 ## - PUBLICATION, DISTRIBUTION, ETC.
Place of publication, distribution, etc. Guwahati:
Name of publisher, distributor, etc. EBH publishers,
Date of publication, distribution, etc. 2017.
300 ## - PHYSICAL DESCRIPTION
Extent 274p.
650 ## - SUBJECT ADDED ENTRY--TOPICAL TERM
Topical term or geographic name entry element Linguistics
700 ## - ADDED ENTRY--PERSONAL NAME
Personal name Singh, Shailendra Kumar
Relator term Author
700 ## - ADDED ENTRY--PERSONAL NAME
Personal name Lyngdoh, Saralin A
Relator term Author
942 ## - ADDED ENTRY ELEMENTS (KOHA)
Koha item type Books
Source of classification or shelving scheme Dewey Decimal Classification
Holdings
Withdrawn status Lost status Damaged status Not for loan Home library Current library Shelving location Date acquired Total Checkouts Full call number Barcode Date last seen Copy number Price effective from Koha item type
        Central Library, Naharkatiya College Central Library, Naharkatiya College General Stacks 19/09/2020   SYN 25031 19/09/2020 1 19/09/2020 Books

Naharkatiya College © 2020. All rights reserved.

Powered By